000 00743cab a2200253 4500
001 WB3422-47
008 090401t1998 xxu||||| |||| 00| 0 eng d
035 _a(Sirsi) u86779
041 _aeng
245 _aNew system for subsidies
260 _c1998
350 _a0
490 _aFinancial Times
_v11 June 1998, 2(1)
520 _aThe European Commission has adopted proposals to establish a temporary `agrimonetary` system for paying EU farmers after the introduction of the single currency next January.
650 _aAGRIMONETARY SYSTEM
650 _aECU
650 _aEU
650 _aEURO
650 _aSINGLE EUROPEAN CURRENCY
650 _aSUBSIDIES
690 _aRURAL PRACTICE
942 _n0
948 _c11/06/1998
999 _c54652
_d54652